Normal view
MARC view
Entry Personal Name
001 - CONTROL NUMBER
- control field: 18339
003 - CONTROL NUMBER IDENTIFIER
- control field: dpl
005 - DATE AND TIME OF LATEST TRANSACTION
- control field: 20100904140451.0
008 - FIXED-LENGTH DATA ELEMENTS
- fixed length control field: 100904|||a|||||| | ||| d
040 ## - CATALOGING SOURCE
- Original cataloging agency: dpl
- Transcribing agency: dpl
100 ## - HEADING--PERSONAL NAME
- Personal name: Baran, Timir
670 ## - SOURCE DATA FOUND
- Source citation: Work cat.: (dpl): 17814, Nritya sangeet (Saki) /
670 ## - SOURCE DATA FOUND
- Source citation: Work cat.: (dpl): 17814, Nritya sangeet (Saki) /
